|
|
|
|
| LEADER |
00000nas a2200000 a 4500 |
| 001 |
ssj0000513626 |
| 003 |
WaSeSS |
| 005 |
20200512172242.0 |
| 006 |
m d |
| 007 |
cr n |
| 008 |
070824c20069999pk fr s 0 0eng |
| 010 |
|
|
|a 2007203112
|
| 022 |
|
|
|l 1991-0304
|y 1991-0304
|
| 035 |
|
|
|a (WaSeSS)ssj0000513626
|
| 040 |
|
|
|a DLC
|b eng
|c DLC
|d DLC
|d NUI
|d OCLCQ
|d OCLCF
|d CUS
|d OCLCO
|d CUS
|d AVA
|d CUS
|d OCLCA
|d ZAS
|d OCLCQ
|d WaSeSS
|
| 042 |
|
|
|a pcc
|
| 043 |
|
|
|a a------
|
| 050 |
0 |
0 |
|a N7300
|b .N85
|
| 222 |
|
0 |
|a Nukta art
|
| 245 |
0 |
0 |
|a Nukta art
|h [electronic resource].
|
| 260 |
|
|
|a Karachi, Pakistan :
|b Farrukh Hussain Sheikh,
|c [2006]-
|
| 310 |
|
|
|a Semiannual
|
| 362 |
0 |
|
|a 1/1 (Jan. 2006)-
|
| 500 |
|
|
|a Title from cover.
|
| 506 |
|
|
|a License restrictions may limit access.
|
| 650 |
|
0 |
|a Art, South Asian
|v Periodicals.
|
| 650 |
|
0 |
|a Art
|v Periodicals.
|
| 650 |
|
7 |
|a Art.
|2 fast
|0 (OCoLC)fst00815177
|
| 650 |
|
7 |
|a Art, South Asian.
|2 fast
|0 (OCoLC)fst00816895
|
| 655 |
|
0 |
|a Electronic journals.
|
| 850 |
|
|
|a DLC
|
| 856 |
4 |
0 |
|z Full text available from Research Library: 12/01/2010 to 05/31/2014
|u https://search.proquest.com/publication/616519
|